000 00792cam a2200205 4500
001 WB3828-11
008 020731n2002 000 0 eng u
035 _a(Sirsi) u119123
245 _aPool Re remit extends
260 _c2002
490 _aHM Treasury Press Release
_v(73/02) 23 July 2002, (3)
520 _aGovernment has announced extension of Pool Re insurance scheme to include September 11-type attacks as well as nuclear and biological contamination. Estimates that premiums will double. More details at www.hm-treasury.gov.uk www.hm-treasury.gov.uk/Newsroom_and_Speeches/Press/2002/press_73_02.cfm?
590 _aWB
650 _aPOOL RE
650 _aTERRORISM INSURANCE
650 _aTERRORIST ATTACKS
650 _aPREMIUMS
690 _aInsurance
_96249
942 _n0
999 _c70856
_d70856